Požiarna ochrana v skladovom hospodárstve

Bibliographic Details
Main Author: Belohorec, Štefan (Author)
Format: Article
Language:Slovak
Subjects:

MARC

LEADER 00000nab a2200000 a 4500
001 vtls000461383
003 SK-MaSNL
005 20260304034616.0
008 220422c1991 xo 0 slo
015 |a SNBRA19rr/mm-uuuuu 
035 |a CL0461515 
040 |a SNKBUCL  |b slo  |c SNKBUCL  |e AACR2 
041 0 |a slo 
044 |a xo  |c SK 
080 |a 614.84:658.78  |2 1981 
080 |a 658.78  |2 1981 
100 1 |a Belohorec, Štefan  |4 aut  |9 277659 
245 1 0 |a Požiarna ochrana v skladovom hospodárstve  |c Štefan Belohorec 
650 0 7 |a skladové hospodárstvo  |2 snkbucl  |9 69646 
650 0 7 |a požiarna ochrana  |2 snkbucl  |9 1501 
655 7 |a články zo zborníkov  |2 snkbucl  |9 166140 
773 0 |t Bezpečná práca pri manipulácii s materiálom a vnútrozávodovej doprave  |d Žilina : SEDOVA-MH, 1991 
850 |a Slovenská národná knižnica v Martine  |a MTA001 
852 |a SNK  |b KIS3GCP 
958 |a RK 
958 |a ME 
992 |a RZB 
999 |c 2653975  |d 2655905